[Event "SRI-chT"]
[Site "Colombo"]
[Date "2023.07.28"]
[Round "1.1"]
[White "Gunaratne, Mojitha Sathsara"]
[Black "Subasinghe, KRKC"]
[Result "0-1"]
[WhiteElo "1788"]
[BlackElo "1966"]
[PlyCount "76"]
[EventDate "2023.07.28"]
[EventType "team-tourn"]
[EventRounds "9"]
[EventCountry "SRI"]
[SourceTitle "CBM 215 Extra"]
[Source "ChessBase"]
[SourceDate "2023.09.30"]
[SourceVersion "1"]
[SourceVersionDate "2023.09.30"]
[SourceQuality "1"]
[WhiteTeam "Anandians CC"]
[BlackTeam "RVR"]
[WhiteTeamCountry "SRI"]
[BlackTeamCountry "SRI"]

1. d4 Nf6 2. c4 d6 3. Nc3 e5 4. Nf3 Nbd7 5. g3 Be7 6. Bg2 0-0 7. 0-0 c6 8. Rb1 a5 9. a3 Re8 10. b4 axb4 11. axb4 exd4 12. Qxd4 c5 13. Qf4 Nf8 14. Re1 cxb4 15. Nd5 Nxd5 16. cxd5 Qa5 17. Nd4 Bf6 18. Nb3 Qa2 19. Be3 Bc3 20. Red1 Ng6 21. Qf3 Ra3 22. Nc5 dxc5 23. d6 Bf6 24. Rbc1 Bd4 25. Qh5 Raxe3 26. Rxd4 cxd4 27. fxe3 b3 28. Qb5 Rf8 29. Bd5 Be6 30. Rf1 Bxd5 31. Qxd5 Qxe2 32. Qxd4 b2 33. Rb1 Qh5 34. Rxb2 Ne5 35. Kg2 Qf3+ 36. Kh3 Qf1+ 37. Rg2 Nf3 38. Qf4 Ng1+ 0-1

[Event "Colombo Katubedda op"]
[Site "Colombo"]
[Date "2023.07.03"]
[Round "9"]
[White "Gunaratne, Mojitha Sathsara"]
[Black "Sivathanujan, S."]
[Result "1/2-1/2"]
[WhiteElo "1802"]
[BlackElo "1829"]
[PlyCount "156"]
[EventDate "2023.06.29"]
[EventType "swiss"]
[EventRounds "9"]
[EventCountry "SRI"]
[SourceTitle "EXT 2024"]
[Source "ChessBase"]
[SourceDate "2023.10.10"]
[SourceVersion "1"]
[SourceVersionDate "2023.10.10"]
[SourceQuality "1"]

1. d4 d5 2. c4 e5 3. dxe5 d4 4. Nf3 Nc6 5. g3 Nge7 6. Bg2 Ng6 7. 0-0 Ngxe5 8. Nxe5 Nxe5 9. b3 Bc5 10. Nd2 a5 11. Ne4 Ba7 12. Ba3 Bg4 13. Qd2 Qd7 14. Qxa5 Nc6 15. Qd2 0-0-0 16. Bc5 f5 17. Bxa7 fxe4 18. Bc5 Rhe8 19. Qb2 Qf5 20. b4 Bh3 21. Rad1 d3 22. Rfe1 Ne5 23. Qa3 Bxg2 24. Kxg2 Nxc4 25. Qa8+ Kd7 26. Qxb7 Rb8 27. Qa6 Qd5 28. Qa4+ Kd8 29. exd3 exd3+ 30. f3 Rxe1 31. Rxe1 Ne5 32. Re4 Nc6 33. Qd1 Qxa2+ 34. Kh3 Qc2 35. Qe1 Kc8 36. Be3 Rb5 37. Qa1 Rxb4 38. Qa8+ Rb8 39. Re8+ Kd7 40. Rxb8 Nxb8 41. Qxb8 d2 42. Qb5+ Kc8 43. Qe8+ Kb7 44. Bxd2 Qxd2 45. Qe4+ Kb6 46. Qxh7 Qd7+ 47. g4 c5 48. Qb1+ Kc7 49. Qa2 Qd4 50. Qa7+ Kd6 51. f4 Kd5 52. Qb7+ Kc4 53. f5 Kd3 54. Qf3+ Kd2 55. g5 c4 56. f6 gxf6 57. gxf6 c3 58. f7 Qh8+ 59. Kg4 Qg7+ 60. Kh4 Qh6+ 61. Kg3 Qg7+ 62. Kf2 Qd4+ 63. Kf1 c2 64. Qe2+ Kc3 65. Qe1+ Qd2 66. f8Q Qxe1+ 67. Kxe1 c1Q+ 68. Kf2 Qd2+ 69. Kg3 Qg5+ 70. Kf3 Qh5+ 71. Ke4 Qe2+ 72. Kd5 Qc4+ 73. Ke5 Qe2+ 74. Kd5 Qc4+ 75. Ke5 Qe2+ 76. Kf6 Qf2+ 77. Kg7 Qxh2 78. Qa3+ Kc4 1/2-1/2

[Event "Colombo Katubedda op"]
[Site "Colombo"]
[Date "2023.07.02"]
[Round "8"]
[White "Dissanayake, RKT"]
[Black "Gunaratne, Mojitha Sathsara"]
[Result "0-1"]
[WhiteElo "1882"]
[BlackElo "1802"]
[PlyCount "68"]
[EventDate "2023.06.29"]
[EventType "swiss"]
[EventRounds "9"]
[EventCountry "SRI"]
[SourceTitle "EXT 2024"]
[Source "ChessBase"]
[SourceDate "2023.10.10"]
[SourceVersion "1"]
[SourceVersionDate "2023.10.10"]
[SourceQuality "1"]

1. Nf3 b6 2. b3 Bb7 3. Bb2 Nf6 4. c4 e6 5. g3 c5 6. Bg2 Be7 7. 0-0 0-0 8. d4 cxd4 9. Bxd4 Nc6 10. Bb2 d5 11. Nbd2 Qc7 12. Qc2 Rfd8 13. cxd5 Nxd5 14. Rac1 Rac8 15. Ne4 h6 16. Qb1 Qb8 17. Qa1 Bf8 18. Rfd1 Qa8 19. Ned2 a5 20. Nc4 Qa6 21. e4 Ndb4 22. Bf1 b5 23. Na3 Na7 24. Rxc8 Rxc8 25. Nd2 Qc6 26. Bd4 Na6 27. Bxa7 Bxa3 28. Bd4 f6 29. Bb2 Bc5 30. Bg2 Nb4 31. Nf1 Nc2 32. Qb1 Bxf2+ 33. Kxf2 Qc5+ 34. Kf3 Bxe4+ 0-1

[Event "Delkanda Inter Club-chT"]
[Site "Delkanda"]
[Date "2021.02.28"]
[Round "5.6"]
[White "Ahangama, Senuka Aswin"]
[Black "Gunaratne, Mojitha Sathsara"]
[Result "0-1"]
[WhiteElo "1523"]
[BlackElo "1940"]
[PlyCount "124"]
[EventDate "2021.02.26"]
[EventType "team-tourn"]
[EventRounds "9"]
[EventCountry "SRI"]
[SourceTitle "EXT 2022"]
[Source "ChessBase"]
[SourceDate "2021.10.06"]
[SourceVersion "1"]
[SourceVersionDate "2021.10.06"]
[SourceQuality "1"]
[WhiteTeam "Black and Gold CC"]
[BlackTeam "Anandians CC"]
[WhiteTeamCountry "SRI"]
[BlackTeamCountry "SRI"]

1. b3 Nf6 2. Bb2 e6 3. Nf3 b6 4. g3 Bb7 5. Bg2 Be7 6. 0-0 0-0 7. c4 c5 8. Nc3 d6 9. e3 Nbd7 10. d4 Ne4 11. Nd2 Nxc3 12. Bxc3 Bxg2 13. Kxg2 cxd4 14. Bxd4 Qc7 15. e4 Qb7 16. Qf3 Ne5 17. Qc3 f6 18. f4 Nc6 19. Nf3 Rad8 20. Rac1 Rf7 21. b4 f5 22. exf5 exf5 23. Kg1 h6 24. Rce1 b5 25. c5 Nxd4 26. Nxd4 dxc5 27. bxc5 Bf6 28. Re5 Bxe5 29. fxe5 b4 30. Qe3 Qe4 31. Nxf5 Qxe3+ 32. Nxe3 Rxf1+ 33. Kxf1 Rc8 34. Nd5 Rxc5 35. Nxb4 Ra5 36. Ke2 Ra4 37. Nc2 Rxa2 38. Kd3 Kf7 39. Nd4 Rxh2 40. Ke4 Rd2 41. Nc6 Ke6 42. Nxa7 Re2+ 43. Kf4 Rxe5 44. Nc6 Rc5 45. Nd4+ Kf6 46. Ne2 g5+ 47. Kg4 Kg6 48. Kh3 h5 49. Ng1 Rc2 50. g4 hxg4+ 51. Kg3 Ra2 52. Ne2 Rxe2 53. Kxg4 Re4+ 54. Kf3 Kf5 55. Kg3 g4 56. Kg2 Kf4 57. Kf2 Re3 58. Kg2 Re2+ 59. Kf1 Kf3 60. Kg1 g3 61. Kf1 Re3 62. Kg1 Re1# 0-1

[Event "SRI-chB"]
[Site "Colombo"]
[Date "2016.03.13"]
[Round "4"]
[White "Gunaratne, Mojitha Sathsara"]
[Black "Alahakoon, Isuru"]
[Result "0-1"]
[WhiteElo "2051"]
[BlackElo "1958"]
[PlyCount "79"]
[EventDate "2016.03.12"]
[EventType "swiss"]
[EventRounds "10"]
[EventCountry "SRI"]
[SourceTitle "CBM 171 Extra"]
[Source "ChessBase"]
[SourceDate "2016.04.26"]
[SourceVersion "1"]
[SourceVersionDate "2016.04.26"]
[SourceQuality "1"]

1. d4 Nf6 2. Nf3 g6 3. c4 Bg7 4. g3 0-0 5. Bg2 d6 6. 0-0 c6 7. Nc3 Qa5 8. d5 Qa6 9. Nd2 Nbd7 10. Rb1 Ne5 11. dxc6 bxc6 12. b3 Bf5 13. e4 Be6 14. Qe2 Rab8 15. Bb2 h5 16. h3 c5 17. f4 Nc6 18. Nf3 Bd7 19. Rbd1 Nd4 20. Qe3 e5 21. fxe5 dxe5 22. Nxe5 Ng4 23. hxg4 Bxe5 24. gxh5 Bg4 25. Rd2 Qe6 26. Nb5 Nxb5 27. Bxe5 Qxe5 28. cxb5 Qxh5 29. Rd5 Qh8 30. Rxc5 Be6 31. e5 Rfd8 32. a4 Rd7 33. Rc6 Rbd8 34. Rc3 a5 35. Rc2 Rd1 36. Bf3 Rxf1+ 37. Kxf1 Qh3+ 38. Kf2 Qh2+ 39. Bg2 Bd5 40. Kf1 0-1

[Event "SRI-chB"]
[Site "Colombo"]
[Date "2016.03.12"]
[Round "1"]
[White "Kalubowila, KHN"]
[Black "Gunaratne, Mojitha Sathsara"]
[Result "0-1"]
[WhiteElo "1747"]
[BlackElo "2051"]
[PlyCount "60"]
[EventDate "2016.03.12"]
[EventType "swiss"]
[EventRounds "10"]
[EventCountry "SRI"]
[SourceTitle "CBM 171 Extra"]
[Source "ChessBase"]
[SourceDate "2016.04.26"]
[SourceVersion "1"]
[SourceVersionDate "2016.04.26"]
[SourceQuality "1"]

1. d4 Nf6 2. c4 g6 3. Nc3 Bg7 4. e4 d6 5. Nge2 0-0 6. Ng3 c5 7. d5 e6 8. Be2 exd5 9. exd5 Na6 10. Bf4 Re8 11. Qd2 Nc7 12. h4 Rb8 13. h5 b5 14. hxg6 fxg6 15. Bg5 Qd7 16. Qf4 Rf8 17. Qh4 bxc4 18. Nge4 Nce8 19. Rb1 Bh8 20. Bf4 Rb7 21. Bxc4 Nxe4 22. Nxe4 Qf5 23. Be3 Nf6 24. f3 Re8 25. Kd2 Nxe4+ 26. fxe4 Qxe4 27. Qxe4 Rxe4 28. Bd3 Re5 29. b3 Bf5 30. Bf4 Rxd5 0-1

[Event "World ol U16"]
[Site "Ulaanbaatar"]
[Date "2015.08.27"]
[Round "9.2"]
[White "Gunaratne, Mojitha Sathsara"]
[Black "Kenenbaev, Aidar"]
[Result "1-0"]
[WhiteElo "1881"]
[BlackElo "1969"]
[PlyCount "95"]
[EventDate "2015.08.20"]
[EventType "team-swiss"]
[EventRounds "9"]
[EventCountry "MGL"]
[SourceTitle "EXT 2016"]
[Source "ChessBase"]
[SourceDate "2015.10.08"]
[SourceVersion "1"]
[SourceVersionDate "2015.10.08"]
[SourceQuality "1"]
[WhiteTeam "Sri Lanka"]
[BlackTeam "Kyrgyzstan"]
[WhiteTeamCountry "SRI"]
[BlackTeamCountry "KGZ"]

1. d4 Nf6 2. c4 g6 3. Nc3 Bg7 4. Nf3 0-0 5. e4 d6 6. g3 e5 7. Bg2 Nc6 8. 0-0 exd4 9. Nxd4 Nxd4 10. Qxd4 Ng4 11. Qd3 Ne5 12. Qe2 Be6 13. Nd5 c6 14. Ne3 Qb6 15. Rb1 a5 16. b3 f5 17. exf5 gxf5 18. Ba3 Rad8 19. Rbd1 Qc7 20. f4 Nf7 21. Kh1 Rfe8 22. Qd3 Qc8 23. Rf2 Bf8 24. Bb2 Bg7 25. Bxg7 Kxg7 26. g4 Nh6 27. gxf5 Bxf5 28. Qc3+ Kf7 29. Bf3 Be4 30. Bxe4 Rxe4 31. Rg2 Rg8 32. Rxd6 Re6 33. Rxg8 Nxg8 34. Rd2 Re8 35. f5 Re5 36. c5 Kf8 37. Rd8+ Qxd8 38. Qxe5 Kf7 39. Qe6+ Kf8 40. Qe8+ Kxe8 41. Nc4 Ke7 42. Nxa5 Kf6 43. Nxb7 Kxf5 44. a4 Ke6 45. a5 Ke7 46. a6 Kd7 47. a7 Ke7 48. Nxd8 1-0

[Event "World ol U16"]
[Site "Ulaanbaatar"]
[Date "2015.08.26"]
[Round "8.1"]
[White "Gunaratne, Mojitha Sathsara"]
[Black "Gong, Patrick"]
[Result "1-0"]
[WhiteElo "1881"]
[BlackElo "1983"]
[PlyCount "35"]
[EventDate "2015.08.20"]
[EventType "team-swiss"]
[EventRounds "9"]
[EventCountry "MGL"]
[SourceTitle "EXT 2016"]
[Source "ChessBase"]
[SourceDate "2015.10.08"]
[SourceVersion "1"]
[SourceVersionDate "2015.10.08"]
[SourceQuality "1"]
[WhiteTeam "Sri Lanka"]
[BlackTeam "Australia"]
[WhiteTeamCountry "SRI"]
[BlackTeamCountry "AUS"]

1. d4 Nf6 2. c4 c5 3. d5 e6 4. Nc3 exd5 5. cxd5 d6 6. g3 g6 7. Bg2 Bg7 8. Nf3 0-0 9. 0-0 a6 10. a4 Re8 11. Nd2 Nbd7 12. h3 Rb8 13. Nc4 Ne5 14. Na3 Nh5 15. e4 c4 16. Be3 Qf6 17. Qe2 Bd7 18. a5 1-0

[Event "World ol U16"]
[Site "Ulaanbaatar"]
[Date "2015.08.20"]
[Round "1.2"]
[White "Sarana, Alexey"]
[Black "Gunaratne, Mojitha Sathsara"]
[Result "1-0"]
[WhiteElo "2410"]
[BlackElo "1881"]
[PlyCount "79"]
[EventDate "2015.08.20"]
[EventType "team-swiss"]
[EventRounds "9"]
[EventCountry "MGL"]
[SourceTitle "EXT 2016"]
[Source "ChessBase"]
[SourceDate "2015.10.08"]
[SourceVersion "1"]
[SourceVersionDate "2015.10.08"]
[SourceQuality "1"]
[WhiteTeam "Russia"]
[BlackTeam "Sri Lanka"]
[WhiteTeamCountry "RUS"]
[BlackTeamCountry "SRI"]

1. d4 Nf6 2. c4 e6 3. Nf3 d5 4. Nc3 c6 5. Bg5 Nbd7 6. e3 Bd6 7. Bd3 0-0 8. 0-0 h6 9. Bh4 dxc4 10. Bxc4 b5 11. Bd3 Bb7 12. e4 e5 13. dxe5 Nxe5 14. Nxe5 Bxe5 15. f4 Bd4+ 16. Kh1 b4 17. Ne2 c5 18. Qc2 Rc8 19. e5 Qd5 20. Nxd4 cxd4 21. Qe2 Nd7 22. Be7 Nc5 23. Bxf8 Nxd3 24. Bd6 Ba6 25. Qd2 Qc4 26. Rfd1 Qc2 27. Kg1 Nxb2 28. Rac1 d3 29. Rxc2 Rxc2 30. Qxb4 Nxd1 31. e6 fxe6 32. Qb8+ Kh7 33. Qxa7 Ne3 34. Qxe3 Re2 35. Qd4 d2 36. Bf8 Kg6 37. g4 e5 38. Qd7 Re1+ 39. Kg2 Bf1+ 40. Kf2 1-0

[Event "SRI-ch"]
[Site "Colombo"]
[Date "2014.03.15"]
[Round "2"]
[White "Gunaratne, Mojitha Sathsara"]
[Black "Galappaththi, Chinthaka Anuruddh"]
[Result "0-1"]
[WhiteElo "1800"]
[BlackElo "2158"]
[PlyCount "110"]
[EventDate "2014.03.15"]
[EventType "tourn"]
[EventRounds "13"]
[EventCountry "SRI"]
[SourceTitle "EXT 2016"]
[Source "ChessBase"]
[SourceDate "2015.10.08"]
[SourceVersion "1"]
[SourceVersionDate "2015.10.08"]
[SourceQuality "1"]

1. d4 g6 2. e4 Bg7 3. f4 d6 4. Nc3 Nf6 5. Nf3 0-0 6. Bd3 c5 7. d5 Na6 8. 0-0 Nc7 9. a4 b6 10. Re1 Rb8 11. Bc4 a6 12. Qe2 b5 13. axb5 axb5 14. Nxb5 Nxb5 15. Bxb5 Nxe4 16. c4 f5 17. Kh1 Bd7 18. Bxd7 Qxd7 19. Qc2 Bf6 20. Re2 Rb4 21. Ne1 Rfb8 22. Nd3 Rb3 23. Ra3 Qb7 24. Rxb3 Qxb3 25. Nf2 Qxc2 26. Rxc2 Nxf2+ 27. Rxf2 Ra8 28. Re2 Ra1 29. Re1 Bxb2 30. Bd2 Rxe1+ 31. Bxe1 Bd4 32. g3 Kf7 33. Kg2 e6 34. Kf3 e5 35. Bd2 Ke7 36. Ke2 Kf6 37. Kf3 Kg7 38. Ba5 e4+ 39. Ke2 Bf6 40. Ke3 g5 41. Ke2 Kg6 42. Bd2 Be7 43. Kf2 h5 44. h3 Bd8 45. Ke2 Bf6 46. Kf2 h4 47. gxh4 g4 48. hxg4 fxg4 49. h5+ Kf5 50. h6 Bd4+ 51. Be3 g3+ 52. Ke2 Bxe3 53. Kxe3 Kg6 54. Ke2 Kxh6 55. Kf1 e3 0-1

[Event "Ambalangoda Dhamso op 3rd"]
[Site "Ambalangoda"]
[Date "2013.02.22"]
[Round "4"]
[White "Priyankara, Chamil Y"]
[Black "Gunaratne, Mojitha Sathsara"]
[Result "1-0"]
[WhiteElo "1960"]
[BlackElo "1700"]
[PlyCount "35"]
[EventDate "2013.02.21"]
[EventType "swiss"]
[EventRounds "9"]
[EventCountry "SRI"]
[SourceTitle "CBM 153 Extra"]
[Source "ChessBase"]
[SourceDate "2013.04.22"]
[SourceVersion "1"]
[SourceVersionDate "2013.04.22"]
[SourceQuality "1"]

1. e4 e6 2. d3 d5 3. Nd2 g6 4. g3 Bg7 5. Bg2 c5 6. Ngf3 Nc6 7. 0-0 Nf6 8. Re1 0-0 9. c3 dxe4 10. dxe4 e5 11. Qc2 Nh5 12. Nc4 Be6 13. Ne3 f5 14. Rd1 Qe8 15. Ng5 Bc8 16. Nd5 Rb8 17. exf5 gxf5 18. Nc7 1-0